| 000 | 00810nam a2200289 a 4500 | ||
|---|---|---|---|
| 003 | AR-BaBNM | ||
| 005 | 20251128205619.0 | ||
| 008 | 082120s2002 ||||||||||||||000 | spa|| | ||
| 020 | _a950-12-3536-X | ||
| 040 | _cAR-BaBNM | ||
| 100 | 1 | _aGrandin, Temple | |
| 245 | 0 | 0 |
_aAtravesando las puertas del autismo _buna historia de esperanza y recuperación |
| 260 |
_aBuenos Aires _bPaidós _c1986 |
||
| 300 |
_a175 p. _bil. |
||
| 490 | 0 |
_aGuía para padres _v36 |
|
| 500 | _aApéndices: p. 137-175 | ||
| 650 | 4 | _aEDUCACION ESPECIAL | |
| 650 | 4 | _aAUTISMO | |
| 650 | 4 | _aPROBLEMAS DE COMPORTAMIENTO | |
| 650 | 4 | _aPROBLEMAS EMOCIONALES | |
| 650 | 4 | _aPAPEL DE LA FAMILIA | |
| 650 | 4 | _aPAPEL DE LOS PADRES | |
| 653 | _aREEDUCACION | ||
| 700 | 1 | _aScariano, Margaret M. | |
| 942 | _cBK | ||
| 998 | _carturo | ||
| 999 |
_c12128 _d12128 |
||